Statistics for Place Names in FLEETWOOD MAC Song Titles

Click here to take the quiz!

General Stats

  • This quiz has been taken 15 times
  • The average score is 2 of 6

Answer Stats

Song TitleYearPLACE NAME% Correct
_______ Triangle1974Bermuda
100%
Nights in _______1995Estoril
25%
_________ (Some Other Kind of Town)1995Hollywood
25%
Sweet Home _______1995Chicago
17%
___________ Lassie1995Tallahassee
17%
South _______1969Indiana
8%

Score Distribution

Percentile by Number Answered

Percent of People with Each Score

Your Score History

You have not taken this quiz